01223nam a2200301 i 4500001000300000003000900003005001700012008003900029015001700068040003500085041001300120080001200133100003200145245012200177246005500299260005500354300003300409380001700442504003200459521016600491650002000657650002100677650000900698700002300707710004100730700005200771856009800823bgKOSZ 00520191121082252.0080520s1964 pl a f 001 0 pol aPB 1964/1002 aWA NcKOSZ 005/RWdKOSZ 005/RW1 apolheng a539+5411 aGrunwald, Ernestd(1923- ).10aAtomy, cząsteczki i przemiany chemiczne /cErnest Grunwald, Russel H. Johnsen ; tł. z ang. Edward T. Józefowicz.1 iTyt. oryg.:aAtoms, molecules and chemical change. aWarszawa :bWydawnictwa Naukowo-Techniczne,c1964. a203, [1] s. :bil. ;c25 cm. aKsiążki. aBibliogr. s. [200]. Indeks.8 aDla czytelników interesujących się chemią, dla autorów wykładów popularnych, uczniów szkół średnich i studentów wydziałów mechanicznych. 4aChemia fizyczna 4aFizyka jądrowa 4aAtom1 aJohnsen, Russel H.2 aWydawnictwa Naukowo-Techniczne4pbl.1 aJózefowicz, Edward T.d(1936- )eTłumaczenie uhttp://koha.tu.koszalin.pl/cgi-bin/koha/opac-detail.pl?biblionumber=10707yKatalog online BPK